De la France au Viêt Nam - Statistiques

Statistiques générales
  • Ce quiz a été pris 291 fois
  • Le résultat moyen est 18 sur 20
Statistiques - réponses
Initiale Réponse % Correct
F France
100%
B Belgique
99%
A Allemagne
97%
H Hongrie
95%
P Pologne
95%
R Roumanie
92%
V Viêt Nam
92%
S Slovaquie
91%
B Bulgarie
89%
C Chine
88%
T Turquie
88%
M Macédoine du Nord
86%
A Albanie
85%
G Grèce
85%
O Ouzbékistan
85%
A Arménie
83%
A Afghanistan
82%
I Iran
82%
A Azerbaïdjan
80%
T Tadjikistan
80%
Aucun quiz correspondant
Distribution des résultats
% des personnes avec chaque résultat
Percentile par nombre de réponses
Votre historique - résultats
Vous n’avez pas pris ce quiz